| 000 | 00853cam a22002413a 4500 | ||
|---|---|---|---|
| 001 | 20731 | ||
| 003 | PGUSA | ||
| 005 | 20140828083436.0 | ||
| 008 | 070303s2007||||xxu|||||s|||||000 | eng d | ||
| 040 |
_aPGUSA _beng |
||
| 042 | _adc | ||
| 050 | 4 | _aBR | |
| 100 | 1 |
_aGordon, S. D. _q(Samuel Dickey), _d1859-1936 |
|
| 245 | 1 | 0 |
_aQuiet Talks on Power _h[electronic resource] / _cS. D. Gordon |
| 260 |
_bProject Gutenberg, _c2007 |
||
| 505 | 0 | _aChoked channels -- The Olivet message -- The channel of power -- The price of power -- The personality of power -- Making and breaking connections -- The flood-tide of power -- Fresh supplies of power. | |
| 506 | _aPublic domain in the USA. | ||
| 516 | _aElectronic text | ||
| 653 | _aChristian life | ||
| 830 | 0 |
_aProject Gutenberg _v20731 |
|
| 856 | 4 | 0 | _uhttp://www.gutenberg.org/ebooks/20731 |
| 942 | _cEB | ||
| 999 |
_c249986 _d249986 |
||